Guess All Countries + Capitals by Flag - Africa - Statistics

General Stats
  • This quiz has been taken 48 times
  • The average score is 65 of 106
Answer Stats
Hint Countries % Correct
Angola
100%
Algeria
78%
Benin
78%
Botswana
78%
Burundi
78%
Cairo
78%
Cameroon
78%
Flag of Cape Verde Cape Verde
78%
Central African Republic
78%
Chad
78%
Comoros
78%
Djibouti
78%
D.R. Congo
78%
Flag of Egypt Egypt
78%
Flag of Equatorial Guinea Equatorial Guinea
78%
Flag of Eritrea Eritrea
78%
Flag of Eswatini Eswatini
78%
Ethiopia
78%
Gabon
78%
Gambia
78%
Ghana
78%
Guinea
78%
Guinea-Bissau
78%
Ivory Coast
78%
Flag of Kenya Kenya
78%
Flag of Lesotho Lesotho
78%
Liberia
78%
Libya
78%
Madagascar
78%
Flag of Malawi Malawi
78%
Mauritania
78%
Morocco
78%
Mozambique
78%
Flag of Namibia Namibia
78%
Flag of Niger Niger
78%
Nigeria
78%
Pretoria, Cape Town, Bloemfontein
78%
Rabat
78%
Flag of Rwanda Rwanda
78%
São Tomé & Príncipe | São Tomé
78%
Seychelles
78%
Sierra Leone
78%
Somalia
78%
Flag of South Africa South Africa
78%
South Sudan
78%
Tanzania
78%
Togo
78%
Flag of Uganda Uganda
78%
Flag of Zambia Zambia
78%
Algiers
67%
Burkina Faso
67%
Mali
67%
Mauritius
67%
Mogadishu
67%
Rep. of the Congo
67%
Senegal
67%
Sudan
67%
Tunis
67%
Tunisia
67%
Windhoek
67%
Zimbabwe
67%
Abuja
56%
Addis Ababa
56%
Antananarivo
56%
Kinshasa
56%
Luanda
56%
Nairobi
56%
Tripoli
56%
Accra
44%
Asmara
44%
Bangui
44%
Banjul
44%
Bissau
44%
Ouagadougou
44%
Dodoma
44%
Freetown
44%
Gaborone
44%
Harare
44%
Juba
44%
Kampala
44%
Kigali
44%
Lomé
44%
Lusaka
44%
Maseru
44%
Monrovia
44%
N'Djamena
44%
Porto-Novo, Cotonou
44%
Praia
44%
Yaoundé
44%
Bamako
33%
Brazzaville
33%
Conakry
33%
Dakar
33%
Nouakchott
33%
Gitega
33%
Khartoum
33%
Libreville
33%
Lilongwe
33%
Malabo
33%
Maputo
33%
Mbabane
33%
Moroni
33%
Niamey
33%
Port Louis
33%
Victoria
33%
Yamoussoukro
33%
No matching quizzes found
Score Distribution
Percent of People with Each Score
Percentile by Number Answered
Your Score History
You have not taken this quiz